| 000 | 00738nam a2200229Ia 4500 | ||
|---|---|---|---|
| 001 | 4945 | ||
| 003 | GE_BSU | ||
| 008 | 181216s||||||||xx |||||||||||||| ||und|| | ||
| 040 | _cGE_BSU | ||
| 080 | _a621.382(075) | ||
| 100 | _aВиноградов,Ю.В. | ||
| 245 | _aОсновы электронной и полупроводниковой техники. | ||
| 245 | _bУчебник. | ||
| 245 | _cРед. Е.Н.Салиников. | ||
| 250 | _aизд. 2-е, доп. | ||
| 260 | _aм. | ||
| 260 | _bЭнергия. | ||
| 260 | _c1972. | ||
| 300 | _a536стр.22см.с илл.библиогр.:стр.530. | ||
| 653 | _aОсновы электронной и полупроводниковой техники. | ||
| 942 | _cBK | ||
| 999 |
_c38688 _d38688 |
||